Soccer Trivia Quiz - Statistics

General Stats
  • This quiz has been taken 586 times
    577 since last reset
  • The average score is 14 of 20
Answer Stats
Question Answer % Correct
Player with the most Ballon D'ors Lionel Messi
99%
Country with the most World Cups Brazil
98%
Team with the most Champion League titles Real Madrid
93%
Host of the 2010 World cup South Africa
89%
Team with the most Premier League titles Manchester United
88%
Top goal scorer in 2019/2020 Robert Lewandowski
86%
Team with the most world cups Brazil
84%
Premier League Winners in 2015/2016 Leicester City
81%
Winner of the 2007 Ballon D'or Kaka
76%
Player with the most all time assists Lionel Messi
75%
Team with the most La Liga titles Real Madrid
75%
Greatest attacking trio of all time Neymar, Messi, Suarez
71%
Team with the most games went undefeated in the EPL Arsenal
70%
Winner of the 2013 Champions League Bayern Munich
70%
Champions League winners in 2010 Inter Milan
56%
Most free kicks scored of all time Juinho
56%
Player with the most hat tricks in the Premier League Sergio Aguero
51%
Winner of the 2015/2016 Golden boot Luis Suarez
45%
Third place all time UCL scorer Raul
21%
Premier League Pts Record 100
19%
No matching quizzes found
Score Distribution
Percent of People with Each Score
Percentile by Number Answered
Your Score History
You have not taken this quiz since the last reset